|
|
|
|
| LEADER |
00705nam a22001817a 4500 |
| 020 |
|
|
|a 9780823270866
|
| 082 |
|
|
|a 848.914 09
|b JEA/T
|
| 100 |
|
|
|a Jean - Michel Rabate
|9 20401
|
| 245 |
|
|
|a Think, pig!:
|b Beckett at the limit of the human,
|c by Jean - Michel Rabate.
|
| 260 |
|
|
|a New York:
|b Fordham Universitty Press,
|c 2016.
|
| 300 |
|
|
|a 240p.
|
| 650 |
|
|
|a Beckett Samuel Criticism
|9 20402
|
| 650 |
|
|
|a French Literature Criticism
|9 20403
|
| 650 |
|
|
|a Philosophy and Aesthetics Beckett
|9 20404
|
| 650 |
|
|
|a Literature
|9 20405
|
| 942 |
|
|
|c BK
|
| 999 |
|
|
|c 68009
|d 68009
|
| 952 |
|
|
|0 0
|1 0
|4 0
|6 848_914000000000000_09_JEA_T
|7 0
|9 88441
|a SSUS
|b SSUS
|c STACKS
|d 2017-10-07
|g 2240.34
|o 848.914 09 JEA/T
|p 085284
|r 2017-10-07
|w 2017-10-07
|y BK
|